UBT Library

Tipologji dhe zhanër / (Record no. 1082)

000 -LEADER
fixed length control field 00487nam a22001937a 4500
008 - FIXED-LENGTH DATA ELEMENTS--GENERAL INFORMATION
fixed length control field 150701b xxu||||| |||| 00| 0 alb d
020 ## - INTERNATIONAL STANDARD BOOK NUMBER
International Standard Book Number 9789951635134
041 0# - LANGUAGE CODE
Language code of text/sound track or separate title alb
080 ## - UNIVERSAL DECIMAL CLASSIFICATION NUMBER
Universal Decimal Classification number 070
100 ## - Rafti
Rafti Kosumi, Bajram;
245 ## - TITLE STATEMENT
Title Tipologji dhe zhanër /
Statement of responsibility, etc Bajram Kosumi.
260 ## -
-- Prishtinë :
-- OLYMP ;
-- 2013.
300 ## -
-- 180 f.:
-- me il.;
-- 22 cm.
500 ## -
-- Parathënie: f. 5-7
650 #0 -
-- Gazetaria
650 #0 -
-- Shkrimi
650 #0 -
-- Komunikimi
942 ## - ADDED ENTRY ELEMENTS (KOHA)
Source of classification or shelving scheme
Item type Books
Holdings
Withdrawn status Lost status Source of classification or shelving scheme Damaged status Not for loan Collection code Permanent location Current location Shelving location Date acquired Total Checkouts Full call number Date last seen Price effective from Koha item type Barcode
            UBT - Lipjan UBT - Lipjan   01/05/2026     01/05/2026 01/05/2026 Books 002-800070999333
          Koleksioni i përgjithshem UBT - Prishtine UBT - Prishtine Koleksioni i përgjithshem 07/01/2015   070 KOS 07/01/2015 07/01/2015 Books  
UBT Library © 2015-2024. All rights reserved University Education for Business and Technology